Language Quiz

Random Language Quiz

Words Typed with Left Hand Quiz Stats

 Plays Quiz not verified by Sporcle

Challenge
Share
Tweet
Embed
Score 0/24 Timer 05:00
0 Plays Today
also known as airhostesses stewardesses % Correct
not costing any money (4)free
100%
oscar or emmy (5)award
92.9%
written on the front of an envelope (7)address
78.6%
A dead body used in scientific research (7)cadaver
78.6%
male or female (3)sex
71.4%
Holiday celebrating the resurrection of Christ (6)easter
71.4%
Magicians Incantation (11)abracadabra
64.3%
Free of harm, or vault (4)safe
57.1%
icebox (7)freezer
57.1%
most grieved (7)saddest
50%
Stefani Joanne Angelina Germanotta – known as Lady (4)gaga
50%
second largest discount retailer in the US (6)target
50%
also known as airhostesses stewardesses % Correct
What every tech support guy tells you to do (7)restart
50%
Woman's article of clothing (5)dress
50%
Any drink (8)beverage
50%
First sliced in 1928 (5)bread
42.9%
In NY they are yellow, in London they are black (4)cabs
35.7%
Dead body of an animal (7)carcass
35.7%
The British call this a 'rubber' (6)eraser
28.6%
At a later time (10)afterwards
28.6%
eye desease (8)cataract
14.3%
what you would do if you liked a comment you read on a social networking site (7)retweet
14.3%
a balcony (7)terrace
7.1%
1994 scifi movie starring Kurt Russell (80stargate
0%

You're not logged in!

Compare scores with friends on all Sporcle quizzes.
Join for Free
OR
Log In

You Might Also Like...

Show Comments

Extras

Created Dec 1, 2011ReportNominate
Tags:hand, longest

Top Quizzes Today


Score Distribution

Your Account Isn't Verified!

In order to create a playlist on Sporcle, you need to verify the email address you used during registration. Go to your Sporcle Settings to finish the process.

Report this User

Report this user for behavior that violates our Community Guidelines.

Details: